PASUKAN X-VENTURE ERA JELAJAH ULUNG : RAKSASA PRIMAT

Bibliographic Details
Main Author: Tadatada (Author)
Corporate Author: Solar Team (Illustrator)
Format: Book
Published: Kuala Lumpur : Kadokawa Gempak Starz Sdn Bhd 2016
Series:Siri X-Venture era jelajah ulung
Subjects:

MARC

LEADER 00000cam a2200000 7i4500
001 0000304640
005 20241025161602.0
006 #a# ### ###
007 t
008 221025t20162016my a ### may
020 |a 9789673856671 
040 |a MBPJ   |b eng   |c MBPJ   |e rda 
090 0 0 |a JF   |b TAD 
100 0 |a Tadatada ,   |e author 
245 1 0 |a PASUKAN X-VENTURE ERA JELAJAH ULUNG :   |b RAKSASA PRIMAT   |c IDEA ASAL TADATADA ; KOMIK SOLAR TEAM 
264 1 |a Kuala Lumpur :   |b Kadokawa Gempak Starz Sdn Bhd   |c 2016 
264 4 |c ©2016 
300 |a 153 pages :   |b colour illustrations ;   |c 21 cm. 
336 |a text  |2 rdacontent 
337 |a unmediated  |2 rdamedia 
338 |a volume  |2 rdacarrier 
490 0 |a Siri X-Venture era jelajah ulung 
650 0 |a Children's stories, Malay 
650 0 |a Comic books, strips, etc 
710 0 |a Solar Team   |e illustrator 
999 |a 00405620   |b BUKU   |c PINJAMAN   |e PERPUSTAKAAN KOMUNITI PETALING JAYA